000 00581nam a2200217Ia 4500
005 20260429112222.0
008 260429s9999||||xx |||||||||||||| ||und||
020 _a9789390856978
041 _aEnglish
082 _a121.0954
_bPAT
100 _aPatel, Bhupendra Kumar
245 0 _aIndian knowledge system tradition and modernity /
_cBhupendra Kumar Patel
250 _a1st ed.
260 _aNew Delhi :
_bAnvi Books,
_c2025.
300 _axxv, 444 p.; hb
650 _a Epistemology
650 _a India
650 _a Knowledge
650 _aPhilosophy
942 _cTB
999 _c52951
_d52951